000 00625nam a2200205 4500
001 120258
003 ES-MaACL
005 20250701021849.0
007 t|
008 070214s1978 sp r ||||1| spa d
100 1 _aPirenne, Henri.
_992343
245 1 0 _aMahoma y Carlomagno /
_cHenri Pirenne ; versión, Esther Benítez.
260 _aMadrid :
_bAlianza,
_c1978.
300 _a229 p. ;
_c20 cm.
490 1 _aAlianza universidad ;
_v214
700 1 _aBenítez, Esther,
_d1937-2001
_927600
830 0 _aAlianza universidad ;
_v214
_9177276
852 _aES-MaACL
_jA-9293
_bR.98322
999 _c120258
_d120258